000 00335nam a22001217a 4500
040 _cHS
082 _a630
100 _aFAO
245 _aផែនការសកម្មភាពជាតិសម្រាប់ឧត្តមសិក្សាកសិកម្ម
260 _aCambodia
_bFAO
_c1998
300 _a322p;
942 _cKB
999 _c9290
_d9290